Las asociaciones profesionales industriales obreras (Record no. 83962)

MARC details
000 -LEADER
campo de control de longitud fija 00721nam a2200205 i 4500
001 - NÚMERO DE CONTROL
campo de control 83962
003 - IDENTIFICADOR DE NÚMERO DE CONTROL
campo de control ES-MaACL
005 - FECHA Y HORA DE LA ÚLTIMA TRANSACCIÓN
campo de control 20230906174925.0
007 - CAMPO FIJO DE DESCRIPCIÓN FÍSICA--INFORMACIÓN GENERAL
campo de control de longitud fija t|
008 - DATOS DE LONGITUD FIJA--INFORMACIÓN GENERAL
campo de control de longitud fija 041118s1906 sp |||| | spa d
100 1# - ENTRADA PRINCIPAL--NOMBRE DE PERSONA
Nombre de persona Iranzo Goizueta, Ricardo de.
9 (RLIN) 65417
245 14 - MENCIÓN DEL TÍTULO
Título Las asociaciones profesionales industriales obreras
Resto del título : Trade Unions : (Inglaterra, Estados Unidos) /
Mención de responsabilidad, etc. Ricardo de Iranzo Goizueta ; prólogo de Inocencio Jiménez.
250 ## - MENCION DE EDICION
Mención de edición 2ª ed.
260 ## - PUBLICACIÓN, DISTRIBUCIÓN, ETC.
Lugar de publicación, distribución, etc. Zaragoza :
Nombre del editor, distribuidor, etc. Mariano Escar,
Fecha de publicación, distribución, etc. 1906.
300 ## - DESCRIPCIÓN FÍSICA
Extensión XVI, 326 p. ;
Dimensiones 19 cm.
650 #4 - PUNTO DE ACCESO ADICIONAL DE MATERIA--TÉRMINO DE MATERIA
Término de materia o nombre geográfico como elemento de entrada Sindicatos-
Subdivisión geográfica Gran Bretaña.
9 (RLIN) 160515
650 04 - PUNTO DE ACCESO ADICIONAL DE MATERIA--TÉRMINO DE MATERIA
Término de materia o nombre geográfico como elemento de entrada Sindicatos-
Subdivisión geográfica Estados Unidos.
9 (RLIN) 17121
700 1# - ENTRADA AGREGADA--NOMBRE PERSONAL
Nombre de persona Jiménez, Inocencio.
9 (RLIN) 66409
852 ## - LOCALIZACIÓN
Ubicación ES-MaACL
Número de control de estantería F-10764
Holdings
Estatus retirado Estado de pérdida Estado de daño No para préstamo Biblioteca de origen Biblioteca actual Ubicación en estantería Fecha de adquisición Fuente de adquisición Total de préstamos Signatura topográfica completa Código de barras Visto por última vez Precio de reemplazo Tipo de ítem Koha
        Biblioteca del Ateneo de Madrid Biblioteca del Ateneo de Madrid Sala Pecera Planta 2 17/01/2008     F-10764 1087748 23/02/2023 23/02/2023 Libro impreso